Rozvojová pomoc ako nevyhnutná súčasť procesu globalizácie: evolúcia štruktúr a vplyv skúseností DAC krajín na budovanie systému rozvojovej pomoci v tranzitívnych krajinách
Teoretické aspekty rozvojovej spolupráce. Nové priority vo vývoji systému pomoci. Inštitucionalizácia systému rozvojovej pomoci. Organizačná štruktúra a inštitucionálne otázky súvisiace s ARP. Budovanie systému rozvojovej pomoci v SR. Navrhovaná organizačná štruktúra a komunikácie s inými agentúrami...
Gespeichert in:
| 1. Verfasser: | |
|---|---|
| Weitere Verfasser: | |
| Format: | Buchkapitel |
| Sprache: | Slowakisch |
| Schlagworte: | |
| Tags: |
Keine Tags, Fügen Sie das erste Tag hinzu!
|
MARC
| LEADER | 00000naa a2200000 4500 | ||
|---|---|---|---|
| 001 | r039553 | ||
| 005 | 20230922115423.7 | ||
| 041 | 0 | |a slo | |
| 044 | |a SK | ||
| 245 | 1 | 0 | |a Rozvojová pomoc ako nevyhnutná súčasť procesu globalizácie: evolúcia štruktúr a vplyv skúseností DAC krajín na budovanie systému rozvojovej pomoci v tranzitívnych krajinách |c Daneš Brzica, Attila Szép |
| 520 | |a Teoretické aspekty rozvojovej spolupráce. Nové priority vo vývoji systému pomoci. Inštitucionalizácia systému rozvojovej pomoci. Organizačná štruktúra a inštitucionálne otázky súvisiace s ARP. Budovanie systému rozvojovej pomoci v SR. Navrhovaná organizačná štruktúra a komunikácie s inými agentúrami. | ||
| 610 | 2 | 0 | |a pomoc rozvojová |
| 610 | 2 | 0 | |a pomoc medzinárodná |
| 610 | 2 | 0 | |a globalizácia |
| 610 | 2 | 0 | |a SVE |
| 610 | 2 | 0 | |a Slovensko |
| 610 | 2 | 0 | |a organizácie medzinárodné |
| 610 | 2 | 0 | |a štruktúra organizačná |
| 610 | 2 | 0 | |a koordinácia |
| 100 | 1 | |a Brzica, Daneš | |
| 700 | 1 | |a Szép, Attila | |